Governance institutions and private investment: an application to the Middle East and North Africa /
Este artículo, aborda el tema de los bajos niveles de inversiones privadas en regiones del Medio Este y Africa del Norte con énfasis especial en el rol del gobierno
Guardat en:
| Autor principal: | |
|---|---|
| Altres autors: | , |
| Format: | Text |
| Matèries: | |
| Etiquetes: |
Afegir etiqueta
Sense etiquetes, Sigues el primer a etiquetar aquest registre!
|
MARC
| LEADER | 00000 a a2200000 04500 | ||
|---|---|---|---|
| 001 | 18612 | ||
| 003 | |||
| 040 | |||
| 100 | |a Faruk Aysan, Ahmet | ||
| 245 | |a Governance institutions and private investment: |b an application to the Middle East and North Africa / |c Ahmet Faruk Aysan | ||
| 520 | |a Este artículo, aborda el tema de los bajos niveles de inversiones privadas en regiones del Medio Este y Africa del Norte con énfasis especial en el rol del gobierno | ||
| 650 | |a GOBERNABILIDAD | ||
| 650 | |a POLITICA ECONOMICA | ||
| 650 | |a CORRUPCION | ||
| 650 | |a BUROCRACIA | ||
| 650 | |a DESARROLLO ECONOMICO Y SOCIAL | ||
| 650 | |a DESARROLLO HUMANO | ||
| 700 | |a Kamel Nabli, Mustapha | ||
| 700 | |a Véganzonès-Varoudakis, Marie-Ange | ||
| 773 | |g volumen 45, número 3; páginas 339-377 | ||
| 999 | |c 22737 |d 22737 | ||
